Personnages de one piece avec les cheveux verts - Statistiques

Statistiques générales
  • Ce quiz a été pris 770 fois
  • Le résultat moyen est 6 sur 17
Statistiques - réponses
Hint Réponse % Correct
Tête de cactus Roronoa Zoro
93%
Il vit dans un coffre Gaimon
67%
Une des sœurs de la femme la plus belle du monde Boa Sandersonia
64%
2eme sirène du manga, et c'est une nette amélioration par rapport à la première Camie
59%
C'est la première sirène du manga (au grand désespoir de Sanji) Kokoro
55%
Tricératops Sasaki
47%
Humain modifié très rapide (et amoureux de Nami mais comme tout le monde) Vinsmoke Yonji
37%
L'homme barrière Bartholomeo
35%
Motus et bouche cousue Chapapa Fukuro
34%
Elle est dans l'équipage de Big Mom et a un chapeau très fruité Charlotte Compote
28%
Elle est secrétaire Monet
25%
il utilise sa voix à la fois comme sonar et pour se battre Shôjô
15%
Homme girafe en moins bien Hamlet
9%
Homme de la marine que l'on a jamais vu sans ses lunettes de soleil Brannew
8%
Fausse tête de cactus Manjaro
7%
Méchant sous fifre qui date de fou, mais pas autant que ... dont on a plus du tout de nouvelles. sham
6%
Sa tête ressemble à une citrouille Charlotte Kato
2%
Aucun quiz correspondant
Distribution des résultats
% des personnes avec chaque résultat
Percentile par nombre de réponses
Votre historique - résultats
Vous n’avez pas pris ce quiz